000 00757nam a2200229 4500
003 OSt
005 20240610055018.0
006 a
008 240610b |||||||| |||| 00| 0 eng d
020 _a0805380744
040 _aDWCL-HMN lib.
_cOC
082 _2sixth edition
_aCirc. 610.73678 L847m 2000
100 _aLondon, Marcia L.
245 _aMaternal-newborn nursing : a family and community-based approach : workbook /
250 _asixth edition
260 _aNew Jersey :
_bPretice-Hall Health,
_cc2000.
300 _b303 p. ;
_c28 cm.
650 _a1. Maternity nursing–Handbooks, manuals, etc.
650 _a2. Maternity-child nursing–Handbooks, manuals, etc.
700 _aMarcia L London
942 _2ddc
_n0
_cBK-CIRC
_esixth edition
_kCirc.
999 _c461
_d461